[Event "AUTO-BEG-672"]
[Site "http://www.queenalice.com/game.php?id=1619019"]
[Date "2020.7.2"]
[Round "1"]
[White "playagain"]
[Black "ArteDaGuerra"]
[Result "0-1"]
[WhiteElo "1232"]
[BlackElo "1056"]

1. c4 e6 2. e4 d5 3. exd5 e5 4. Nf3 c5 5. Nxe5 Bd6 6. Nxf7 Kxf7 7. g3 Bf5 8. Qf3
g6 9. d3 Nf6 10. Bg5 Re8+ 11. Be2 Qb6 12. b3 Qa5+ 13. Nd2 Qc3 14. Rc1 Qxc1# 0-1

[Event "Challenge"]
[Site "http://www.queenalice.com/game.php?id=1619120"]
[Date "2020.7.3"]
[Round "-"]
[White "ArteDaGuerra"]
[Black "dimitridruloza2012"]
[Result "0-1"]
[WhiteElo "1056"]
[BlackElo "1764"]

1. e3 e5 2. b3 Bc5 3. Nh3 d6 4. Bb2 Bxh3 5. gxh3 Nf6 6. Bg2 c6 7. e4 Qb6 8. O-O
Na6 9. Qe2 Nb4 10. c3 Nc2 11. b4 Bxb4 12. cxb4 Qxb4 13. Nc3 Qxb2 14. Qd3 Nxa1
15. Rb1 Qa3 16. Rxa1 d5 17. Bf1 d4 18. Nd1 Qxd3 19. Bxd3 O-O 20. Rb1 b6 21. Ba6
Nxe4 22. Rb2 Nc5 23. Be2 Na4 24. Rc2 c5 25. Bb5 d3 26. Rc4 a6 27. Bc6 b5 28.
Bxa8 bxc4 29. Bb7 a5 30. Ba6 Rb8 31. Kg2 Rb1 32. Ne3 Rb2 33. Nxc4 Rxa2 34. Nxe5
Rxd2 35. Bb5 Nb2 36. Nc6 Nd1 37. Ne7+ Kf8 38. Nc6 Rxf2+ 39. Kg3 d2 40. Ba4 Rf6
41. Nxa5 Ra6 42. Bxd1 Rxa5 43. Kf4 c4 44. Ke3 Ra1 45. Ke2 c3 46. Bc2 Ra6 47. Kd3
Rd6+ 48. Kxc3 d1=Q 49. Bxd1 Rxd1 50. Kc2 Rd8 51. h4 f5 52. Kc3 f4 53. h5 f3 54.
h4 f2 55. h6 f1=Q 56. hxg7+ Kxg7 57. h5 Qc1+ 58. Kb4 Rb8+ 59. Ka5 Qa1# 0-1

[Event "Challenge"]
[Site "http://www.queenalice.com/game.php?id=1622138"]
[Date "2020.7.30"]
[Round "-"]
[White "dimitridruloza2012"]
[Black "ArteDaGuerra"]
[Result "1-0"]
[WhiteElo "1727"]
[BlackElo "1101"]

1. Nf3 d5 2. d4 e6 3. e3 c6 4. Nc3 b5 5. Ne5 Qc7 6. Qf3 f6 7. Nxc6 Nxc6 8. Bxb5
Bb4 9. Qf4 Qb8 10. Bxc6+ Bd7 11. Bxa8 Qxa8 12. Bd2 g5 13. Qf3 f5 14. Qh5+ Kf8
15. Qxg5 Qe8 16. Qg3 Nf6 17. O-O-O Nh5 18. Qe5 Ng7 19. Nxd5 Bxd2+ 20. Rxd2 Bb5
21. Qd6+ Kf7 22. Qc7+ Bd7 23. Qxa7 exd5 24. h4 h5 25. f4 Kg8 26. Rg1 Rh6 27. g3
Bc8 28. Qc5 Ra6 29. Qxd5+ Be6 30. Qb7 Rxa2 31. d5 Bd7 32. Kb1 Ra4 33. d6 Be6 34.
b3 Ra8 35. Re1 Qc8 36. Qf3 Qa6 37. Kb2 Ne8 38. Rdd1 Nxd6 39. Rxd6 Qa2+ 40. Kc1
Bf7 41. Red1 Rc8 42. Rd8+ Rxd8 43. Rxd8+ Kh7 44. Ra8 Bxb3 45. Qxh5+ Kg7 46. Qg5+
Kf7 47. Qxf5+ Ke7 48. Qc5+ Kd7 49. Qb5+ Ke6 50. Ra6+ Qxa6 51. Qxa6+ Kd5 52. Qb5+
Ke4 53. Qxb3 Kf3 54. h5 Kxg3 55. h6 Kf3 56. h7 Ke2 57. h8=Q Ke1 58. Qh2 Kf1 59.
Qc4+ Ke1 60. Qce2# 1-0

[Event "Challenge"]
[Site "http://www.queenalice.com/game.php?id=1622425"]
[Date "2020.8.1"]
[Round "-"]
[White "ArteDaGuerra"]
[Black "sunking09"]
[Result "1-0"]
[WhiteElo "1092"]
[BlackElo "1286"]

1. e4 e5 2. d4 d5 3. dxe5 dxe4 4. Bb5+ c6 5. Bc4 Bb4+ 6. c3 Bc5 7. Bg5 Qxg5 8.
g3 Be6 9. f4 Qg4 10. Ne2 Bxc4 11. Nc1 Qf3 12. Rf1 Qxf1+ 13. Kd2 Qd3+ 14. Nxd3
Bxd3 15. Qg4 Nd7 16. a3 f6 17. b4 Bb6 18. Qh5+ g6 19. Qh3 f5 20. g4 Ne7 21. gxf5
gxf5 22. Qh5+ Ng6 23. e6 Nb8 24. Qxf5 Rf8 25. Qh5 Bc4 26. Qxh7 e3+ 27. Ke1 Bxe6
28. Qxg6+ Bf7 29. Qe4+ Kd8 30. Qd3+ Nd7 31. a4 a5 32. Na3 axb4 33. cxb4 Rxa4 34.
Nc2 Ra7 35. Rd1 Re8 36. Qxd7# 1-0

[Event "Let's Play Chess!"]
[Site "http://www.queenalice.com/game.php?id=1623467"]
[Date "2020.8.13"]
[Round "-"]
[White "ArteDaGuerra"]
[Black "Derik_vd_Heever"]
[Result "1-0"]
[WhiteElo "1122"]
[BlackElo "1435"]

1. e4 e5 2. Bd3 Nf6 3. b3 Nc6 4. Bb2 g6 5. Nf3 d6 6. O-O Bg7 7. h3 O-O 8. g4 b6
9. c4 Ba6 10. Na3 Nb4 11. Qe2 Bh6 12. g5 Bxg5 13. Nxg5 Nh5 14. Bc3 Qxg5+ 15. Kh2
Qf4+ 16. Kg2 Qg5+ 17. Kh2 Nf4 18. Rg1 Qh4 19. Qf3 Nbxd3 20. Rg4 Qh5 21. Rag1 b5
22. Ba5 c6 23. Bc7 b4 24. Nc2 Nc5 25. Bxd6 Rfd8 26. Bxc5 Rxd2 27. Nxb4 Bc8 28.
Be3 Bxg4 29. Rxg4 Rad8 30. Nxc6 R8d3 31. Nxe5 f5 32. Rxf4 Qg5 33. h4 Qh5 34.
Qxh5 Rxe3 35. Qg5 Rxa2 36. Qd8+ Kg7 37. Qe7+ Kh6 38. Nf7+ Kg7 39. Nh8+ Kxh8 40.
Qf8# 1-0

[Event "Let's Play Chess!"]
[Site "http://www.queenalice.com/game.php?id=1623477"]
[Date "2020.8.13"]
[Round "-"]
[White "ArteDaGuerra"]
[Black "charles31"]
[Result "1-0"]
[WhiteElo "1092"]
[BlackElo "1634"]

1. e4 e5 2. c4 Nf6 3. d3 Nc6 4. Nf3 Bc5 5. h3 d6 6. g4 Bd7 7. Bg2 h6 8. O-O g5
9. a3 h5 10. Nxg5 hxg4 11. h4 Rxh4 12. b4 Bd4 13. Ra2 Ke7 14. Rc2 Qg8 15. Rc3
Bxc3 16. Nxc3 Rh5 17. Nd5+ Nxd5 18. exd5 Nd4 19. f3 gxf3 20. Nxf3 Nxf3+ 21. Qxf3
Qg6 22. Re1 f5 23. d4 f4 24. c5 Bb5 25. Bb2 Rah8 26. dxe5 Rh1+ 27. Kf2 Qc2+ 28.
Re2 Bxe2 29. exd6+ cxd6 30. cxd6+ Kxd6 31. Qxf4+ Kd7 32. Bxh8 Rxh8 33. Qf7+ Kc8
34. Qe6+ Kb8 35. Qe5+ Kc8 36. Qxh8+ Kc7 37. Qe5+ 1-0

[Event "Entre Amigos"]
[Site "http://www.queenalice.com/game.php?id=1624140"]
[Date "2020.8.18"]
[Round "-"]
[White "ArteDaGuerra"]
[Black "dimitridruloza2012"]
[Result "0-1"]
[WhiteElo "1092"]
[BlackElo "1718"]

1. e4 e5 2. Bd3 d5 3. g3 Nf6 4. a3 dxe4 5. Bc4 Bc5 6. d3 exd3 7. cxd3 Bg4 8.
Qa4+ c6 9. b4 b5 10. Bxb5 cxb5 11. Qxb5+ Nbd7 12. bxc5 O-O 13. c6 Nb6 14. Qxe5
Qxd3 15. f3 Rae8 16. f4 Rxe5+ 17. fxe5 Qe4+ 18. Kf2 Qxh1 19. exf6 Qxc6 20. h3
Qxf6+ 21. Bf4 Qxa1 22. Nd2 Qd4+ 23. Kf1 Bd7 24. Ndf3 Qb2 25. Bd2 Re8 26. g4 Bc6
27. Ne1 Qxd2 28. Ne2 Qxe2+ 29. Kg1 Qxe1+ 30. Kh2 Re2# 0-1

[Event "Challenge"]
[Site "http://www.queenalice.com/game.php?id=1625390"]
[Date "2020.8.29"]
[Round "-"]
[White "ArteDaGuerra"]
[Black "jesuitaseregueifas"]
[Result "1-0"]
[WhiteElo "1150"]
[BlackElo "1119"]

1. e4 e5 2. b3 Bc5 3. Nh3 g6 4. Be2 b6 5. O-O Bd4 6. c3 Bc5 7. b4 Bd6 8. g3 Nc6
9. d3 Nf6 10. Bh6 Rg8 11. Na3 a5 12. Ng5 axb4 13. Qb3 Qe7 14. Nb5 Nd4 15. cxd4
exd4 16. f4 Ra5 17. Nxd4 Ba6 18. e5 Nd5 19. exd6 Qxd6 20. Rac1 c5 21. Bf3 Ne3
22. Qxf7+ Kd8 23. Qxg8+ Kc7 24. Nde6+ dxe6 25. Nxe6+ Kd7 26. Qd8+ Kxe6 27. Qg8+
Kd7 28. Qf7+ Qe7 29. Qg8 Nf5 30. Bf8 Qe8 31. Rfe1 Qc8 32. Qxh7+ Kd8 33. g4 Nd4
34. Qe7# 1-0

[Event "Entre Amigos"]
[Site "http://www.queenalice.com/game.php?id=1625677"]
[Date "2020.9.1"]
[Round "-"]
[White "ArteDaGuerra"]
[Black "dimitridruloza2012"]
[Result "0-1"]
[WhiteElo "1092"]
[BlackElo "1709"]

1. d4 d5 2. b3 e5 3. Nc3 Bb4 4. Bb2 Nc6 5. e3 Nf6 6. Qd3 exd4 7. exd4 Qe7+ 8.
Be2 Ne4 9. O-O-O Nxf2 10. Nf3 Nxd3+ 11. Bxd3 Bxc3 12. Bxc3 Qa3+ 13. Kb1 Bg4 14.
Rde1+ Be6 15. Rhf1 O-O 16. Bb2 Qb4 17. c3 Qa5 18. Ng5 Rae8 19. a4 Bd7 20. Bxh7+
Kh8 21. Ba3 Qxc3 22. Ka2 Rxe1 23. Rxe1 Qxe1 24. Bxf8 Qd2+ 25. Kb1 Qxg5 26. Bd3
Qxg2 27. Bb5 Bf5+ 28. Kc1 Qc2# 0-1

[Event "Entre Amigos"]
[Site "http://www.queenalice.com/game.php?id=1626412"]
[Date "2020.9.10"]
[Round "-"]
[White "dimitridruloza2012"]
[Black "ArteDaGuerra"]
[Result "1-0"]
[WhiteElo "1783"]
[BlackElo "1122"]

1. e4 Nf6 2. d4 Nxe4 3. Nc3 f5 4. Nxe4 fxe4 5. Qg4 g6 6. Bc4 e6 7. Bg5 Bb4+ 8.
c3 Be7 9. Bh6 d5 10. Bb3 Qd6 11. Ne2 Na6 12. Bg7 e5 13. Qg3 Rg8 14. Bxe5 Qd7 15.
Nf4 c6 16. c4 Bb4+ 17. Ke2 Qf7 18. cxd5 Qxf4 19. Qxf4 Rf8 20. Qg5 c5 21. d6 Bd7
22. Qe7# 1-0

[Event "Challenge"]
[Site "http://www.queenalice.com/game.php?id=1627418"]
[Date "2020.9.18"]
[Round "-"]
[White "ArteDaGuerra"]
[Black "dimitridruloza2012"]
[Result "0-1"]
[WhiteElo "1122"]
[BlackElo "1691"]

1. e4 e5 2. Nh3 d5 3. Nc3 Bc5 4. Bd3 Bxh3 5. gxh3 Qf6 6. O-O Nh6 7. Be2 Nc6 8.
a3 Qg5+ 9. Bg4 d4 10. Nd5 O-O 11. d3 Qh4 12. Nxc7 Rac8 13. Bxc8 Qd8 14. Bxb7
Qxc7 15. Bxc6 Qxc6 16. Bxh6 Qxh6 17. b4 Be7 18. Qf3 Qg6+ 19. Kh1 h6 20. Rg1 Qc6
21. Qg2 g6 22. Ra2 Rb8 23. Rb2 a5 24. Rgb1 a4 25. b5 Qc3 26. Qg3 Bf6 27. Qf3 Be7
28. Qg3 Bf6 29. Rb4 Qxa3 30. f4 Be7 31. R4b2 Qc5 32. fxe5 Kg7 33. e6 Bd6 34. Qe1
a3 35. Ra2 Rxb5 36. Raa1 Qxc2 37. Kg1 Qxh2+ 38. Kf1 Qxh3+ 39. Ke2 Qe3+ 40. Kd1
Qxd3+ 41. Kc1 Bf4+ 42. Qd2 Qxd2# 0-1

[Event "Entre Amigos"]
[Site "http://www.queenalice.com/game.php?id=1628394"]
[Date "2020.9.28"]
[Round "-"]
[White "dimitridruloza2012"]
[Black "ArteDaGuerra"]
[Result "1-0"]
[WhiteElo "1697"]
[BlackElo "1122"]

1. e4 e5 2. d4 Nc6 3. Nf3 f6 4. Nc3 Nh6 5. Bxh6 gxh6 6. Bc4 b6 7. Qe2 Bb7 8. Bd5
Na5 9. dxe5 Be7 10. exf6 Bxf6 11. e5 Bg5 12. Bxb7 Nxb7 13. Qe4 c6 14. Qf5 d5 15.
e6 Nd6 16. Qg4 Qe7 17. Qh5+ Kd8 18. Nd4 Rc8 19. O-O Rf8 20. Rae1 c5 21. Ndb5
Nxb5 22. Nxb5 a6 23. Na7 Rc7 24. Nb5 axb5 25. Qe2 c4 26. b4 Rf6 27. Qg4 Rc6 28.
Re5 Rfxe6 29. Rxd5+ Kc7 30. Rxb5 Re4 31. Qg3+ Rd6 32. h4 Rxh4 33. Rd1 Bf4 34.
Qf3 Qd7 35. Rxd6 Bxd6 36. Rd5 Bh2+ 37. Kf1 Qe6 38. Rd1 Rf4 39. Qh5 Qg4 40. Qe5+
Kb7 41. Qe7+ Ka6 42. b5+ Kxb5 43. Qe8+ Ka6 44. Qa4+ Kb7 45. Rd7+ Kb8 46. Qa7+
Kc8 47. Qb7# 1-0

[Event "Amigável"]
[Site "http://www.queenalice.com/game.php?id=1632084"]
[Date "2020.11.7"]
[Round "-"]
[White "ArteDaGuerra"]
[Black "dimitridruloza2012"]
[Result "0-1"]
[WhiteElo "1152"]
[BlackElo "1692"]

1. e4 e5 2. Bd3 Bc5 3. Nh3 Nc6 4. O-O d6 5. g4 Nf6 6. b3 Bxg4 7. Qe1 Bxh3 8. Bb5
Qd7 9. Qe2 Bxf1 10. Qxf1 Nxe4 11. Qd3 Qg4+ 12. Kf1 Nxf2 13. h3 Qd1+ 14. Kg2 Qh1+
15. Kg3 Qxh3# 0-1

[Event "Challenge"]
[Site "http://www.queenalice.com/game.php?id=1634349"]
[Date "2020.11.26"]
[Round "-"]
[White "dimitridruloza2012"]
[Black "ArteDaGuerra"]
[Result "1-0"]
[WhiteElo "1647"]
[BlackElo "1165"]

1. e4 e5 2. d4 Bd6 3. d5 Nf6 4. Nc3 O-O 5. Qf3 Be7 6. Qg3 Bd6 7. Bh6 Ne8 8. Nf3
Qf6 9. Bg5 Qg6 10. Qg4 Nf6 11. Qh3 c6 12. Be2 b5 13. Be3 h6 14. Nh4 Qh7 15. Nf5
Bb4 16. Ne7+ Bxe7 17. O-O-O Bb4 18. Bd2 Nxe4 19. Bd3 Bxc3 20. Bxc3 cxd5 21. Bxe5
Nc6 22. Bd6 Re8 23. f3 f5 24. fxe4 dxe4 25. Be2 a6 26. Qh5 g6 27. Qh4 h5 28. Qg5
Bb7 29. Rd5 Re6 30. Bc7 Re7 31. Rxf5 Nd4 32. Bd1 Nxf5 33. Rf1 Rf8 34. Rxf5 Rxf5
35. Qg3 Re6 36. Ba5 Qh6+ 37. Bd2 e3 38. Qb8+ Kh7 39. Qxb7 exd2+ 40. Kb1 Qg7 41.
c3 Rd6 42. Qe4 Qf8 43. Kc2 Qf6 44. a3 Re6 45. Qd3 Rd6 46. Qe3 Rf2 47. b4 Rxg2
48. h4 Qxh4 49. Qf3 Rg1 50. Qf7+ Kh6 51. Qf8+ Kh7 52. Qxd6 Qh1 53. Qxd7+ Kh6 54.
Qxd2+ Rg5 55. Kb2 h4 56. Qd8 Rd5 57. Qf8+ Kg5 58. Bc2 Rd2 59. Qe7+ Kh5 60. Qh7+
Kg4 61. Qxg6+ Kh3 62. Qf5+ Kg2 63. Qg5+ Kh2 64. Qxh4+ Kg1 65. Qe1+ Kh2 66. Qxd2+
Kg3 67. Qg5+ Kf2 68. Qf4+ Qf3 69. Qxf3+ Kxf3 70. Bd3 Kf4 71. c4 bxc4 72. Bxc4
Ke5 73. Bxa6 Kd6 74. b5 Kc7 75. a4 Kb6 76. Kb3 Ka5 77. Bc8 Kb6 78. Kb4 Ka7 79.
a5 Kb8 80. Bh3 Kc7 81. b6+ Kb8 82. a6 Ka8 83. Kb5 Kb8 84. a7+ Kb7 85. Bg2+ Kc8
86. a8=Q+ Kd7 87. Qc6+ Ke7 88. b7 Kd8 89. b8=Q+ Ke7 90. Qbc7+ Kf8 91. Qa8# 1-0

[Event "ENTRE AMIGOS"]
[Site "http://www.queenalice.com/game.php?id=1642264"]
[Date "2021.2.2"]
[Round "-"]
[White "ArteDaGuerra"]
[Black "dimitridruloza2012"]
[Result "1-0"]
[WhiteElo "1163"]
[BlackElo "1625"]

1. e4 e5 2. Bd3 d6 3. Ne2 Nf6 4. O-O Nc6 5. c3 Bg4 6. f3 Bh5 7. Qb3 Qd7 8. Qxb7
Rb8 9. Qa6 Rb6 10. Qa4 Be7 11. b3 O-O 12. Ba3 Ne8 13. Ng3 g6 14. c4 Bh4 15. Nxh5
gxh5 16. Be2 Nd4 17. Qxd7 Nxe2+ 18. Kh1 Kh8 19. Qh3 Be7 20. Qxh5 Nf4 21. Qh6 d5
22. Bxe7 Rxh6 23. Bxf8 Rg6 24. g3 Ne2 25. cxd5 Kg8 26. Bc5 Rh6 27. Re1 Nxg3+ 28.
Kg2 Nh5 29. Bxa7 Rg6+ 30. Kf2 Kh8 31. d4 f6 32. Nd2 Nf4 33. dxe5 fxe5 34. Red1
Rg2+ 35. Kf1 Rxh2 36. Bg1 Rh1 37. Nc4 Rh5 38. Rd2 Rg5 39. Be3 Rh5 40. Kf2 Ng6
41. Rg1 Kg7 42. Kf1 Kf6 43. Rdg2 Nh4 44. Rg3 Ng6 45. Bg5+ Kg7 46. a4 h6 47. Be7
Kf7 48. Rxg6 Kxe7 49. Re6+ Kd8 50. Nxe5 Nd6 51. Rg8+ Ne8 52. Rgxe8# 1-0

[Event "Challenge"]
[Site "http://www.queenalice.com/game.php?id=1645878"]
[Date "2021.3.6"]
[Round "-"]
[White "ArteDaGuerra"]
[Black "dimitridruloza2012"]
[Result "0-1"]
[WhiteElo "1193"]
[BlackElo "1631"]

1. e4 e5 2. Nf3 Nc6 3. Bc4 Bc5 4. O-O d6 5. d3 Nf6 6. a3 Bg4 7. b4 Bb6 8. Qe1
Bxf3 9. gxf3 Nh5 10. Kh1 Qh4 11. Rg1 O-O 12. Rg4 Qf6 13. Nd2 Nd4 14. Kg2 Nxc2
15. Qd1 Nxa1 16. Bb2 Nf4+ 17. Kg3 h5 18. Rxf4 Qxf4+ 19. Kg2 Qh4 20. Bxa1 Qxf2+
21. Kh1 Be3 22. Bc3 Bf4 23. Nf1 Qh4 24. Be1 Qg5 25. h4 Qf6 26. Bd5 b6 27. Bxa8
Rxa8 28. Qa4 Qe6 29. Qc6 Rc8 30. Qb7 Qh3+ 31. Kg1 Kh7 32. Kf2 Qxh4+ 33. Ke2 Qd8
34. Qxa7 Ra8 35. Bh4 Qc8 36. Qxa8 Qxa8 37. Bg3 Bxg3 38. Nxg3 g6 39. Kf2 Qxa3 40.
Ke2 Qxb4 41. Ke3 c5 42. Ne2 Qd4+ 43. Kd2 c4 44. Nxd4 exd4 45. dxc4 h4 46. Kd3 h3
47. Kxd4 h2 48. Kd5 h1=Q 49. Kxd6 Qxf3 50. Ke5 g5 51. Kd4 f5 52. exf5 Qxf5 53.
Kc3 g4 54. Kd2 g3 55. Kc3 g2 56. Kb4 g1=Q 57. Kc3 Qfc5 58. Kb3 Qe1 59. Ka4 Qeb4#
0-1

[Event "Challenge"]
[Site "http://www.queenalice.com/game.php?id=1757930"]
[Date "2021.4.29"]
[Round "-"]
[White "dimitridruloza2012"]
[Black "ArteDaGuerra"]
[Result "1-0"]
[WhiteElo "1680"]
[BlackElo "1191"]

1. e4 d5 2. d4 dxe4 3. Nc3 Nf6 4. Bg5 Nfd7 5. Nxe4 g6 6. Qf3 Bg7 7. Bc4 O-O 8.
Ne2 c6 9. Bf4 Qa5+ 10. c3 e5 11. Bd2 Bf6 12. Nxf6+ Nxf6 13. Qxf6 Qc7 14. Bh6 Be6
15. Qg7# 1-0

[Event "Challenge"]
[Site "http://www.queenalice.com/game.php?id=1762102"]
[Date "2021.6.13"]
[Round "-"]
[White "ArteDaGuerra"]
[Black "dimitridruloza2012"]
[Result "0-1"]
[WhiteElo "1189"]
[BlackElo "1728"]

1. e3 e5 2. Nf3 d6 3. Bd3 Nf6 4. O-O e4 5. Bxe4 Nxe4 6. d3 Nc5 7. b4 Na4 8. c3
Bd7 9. e4 b5 10. Qb3 Be6 11. c4 Qf6 12. e5 Qg6 13. g3 Bh3 14. Bg5 Bg4 15. Nbd2
a6 16. Rfe1 Be7 17. Ne4 Bxf3 18. Bxe7 Qe6 19. Ng5 Qg4 20. exd6 Kd7 21. Nxf7 Qh3
22. Nxh8 Qg2# 0-1

[Event "CLÁSSICO"]
[Site "http://www.queenalice.com/game.php?id=1767835"]
[Date "2021.8.24"]
[Round "-"]
[White "dimitridruloza2012"]
[Black "ArteDaGuerra"]
[Result "1-0"]
[WhiteElo "1706"]
[BlackElo "1187"]

1. Nf3 e6 2. e3 Be7 3. Nc3 Nf6 4. Bd3 O-O 5. b3 a5 6. Bb2 d5 7. Ne5 Qd6 8. Nb5
Qb4 9. Nxc7 Ra7 10. Qf3 b6 11. Nb5 Ra6 12. Ba3 Qg4 13. Nxg4 Bxa3 14. Nxa3 Nh5
15. Nh6+ gxh6 16. Qxh5 Ra7 17. Qxh6 f5 18. Nb5 Rb7 19. Nd6 Rbf7 20. Nxf7 Rxf7
21. Qg5+ Kh8 22. Qd8+ Kg7 23. Qxc8 Rf8 24. Qxe6 Rf6 25. Qxd5 Kg6 26. Qg8+ Kh6
27. Qxb8 Kg5 28. Qf4+ Kg6 29. Bxf5+ Rxf5 30. Qxf5+ Kxf5 31. d4 Ke6 32. e4 h6 33.
d5+ Ke5 34. f3 Kd6 35. O-O-O h5 36. Rhe1 h4 37. e5+ Kc5 38. d6 Kb4 39. Kb2 a4
40. Re4+ Kc5 41. Rc4+ Kb5 42. Rd5+ Ka6 43. Rxa4+ Kb7 44. Rb5 Kc6 45. Rab4 Kd7
46. Rxb6 Ke6 47. Rf4 Kxe5 48. Re4+ Kd5 49. c4+ Kc5 50. b4+ Kxb6 51. c5+ Kc6 52.
Re7 Kb5 53. Kb3 Kc6 54. a4 Kd5 55. Kc3 Kc6 56. d7 Kd5 57. d8=Q+ Kc6 58. Rc7# 1-0

[Event "CLÁSSICO"]
[Site "http://www.queenalice.com/game.php?id=1772610"]
[Date "2021.10.18"]
[Round "-"]
[White "ArteDaGuerra"]
[Black "dimitridruloza2012"]
[Result "0-1"]
[WhiteElo "1185"]
[BlackElo "1722"]

1. d4 d5 2. Be3 Nf6 3. Na3 Nc6 4. f3 Bf5 5. Qd2 e6 6. h3 Bxa3 7. bxa3 a5 8. g4
Bg6 9. Bg2 Qd6 10. Qc3 O-O 11. f4 b5 12. Nf3 Ne4 13. Qb3 Ng3 14. Rh2 a4 15. Qxb5
Qxa3 16. Bc1 Qc3+ 17. Nd2 Qxa1 18. Qb2 Qxb2 19. Bxb2 Bxc2 20. e3 Rab8 21. Kf2
Ne4+ 22. Bxe4 Rxb2 23. Bxc2 Rxc2 24. Ke1 Rxa2 25. h4 Rb8 26. Ke2 Rbb2 27. Kd3
Rxd2+ 28. Rxd2 Rxd2+ 29. Kxd2 a3 30. Kc2 Na5 31. h5 Nc4 32. Kb1 Nxe3 33. g5 Kf8
34. Ka2 Nc2 35. h6 g6 36. Kb3 Ke7 37. Kxc2 f5 38. Kb3 Kd6 39. Kxa3 c5 40. dxc5+
Kxc5 41. Kb3 d4 42. Kc2 Kc4 43. Kd2 d3 44. Ke3 Kc3 45. Kf3 d2 46. Ke2 Kc2 47.
Ke3 d1=Q 48. Kf2 Kd2 49. Kg2 Qe2+ 50. Kg1 Ke3 51. Kh1 Kf3 52. Kg1 Qg2# 0-1

[Event "Challenge"]
[Site "http://www.queenalice.com/game.php?id=1777535"]
[Date "2021.12.17"]
[Round "-"]
[White "sunking09"]
[Black "ArteDaGuerra"]
[Result "0-1"]
[WhiteElo "1246"]
[BlackElo "1213"]

1. e3 d6 2. Bb5+ c6 3. Bc4 d5 4. Bd3 Nf6 5. f3 g6 6. Ne2 Bh6 7. e4 e6 8. O-O Qd6
9. g3 Qc5+ 10. Kg2 O-O 11. c3 b5 12. b4 Qb6 13. Nd4 e5 14. Nb3 Rd8 15. Nc5 a5
16. Na3 d4 17. f4 exf4 18. e5 Ng4 19. Qxg4 Bxg4 20. Ne4 dxc3 21. Nxc3 Rxd3 22.
Bb2 Rxd2+ 23. Rf2 Qxf2+ 24. Kh1 Qg2# 0-1

[Event "CLÁSSICO"]
[Site "http://www.queenalice.com/game.php?id=1780682"]
[Date "2022.1.18"]
[Round "-"]
[White "dimitridruloza2012"]
[Black "ArteDaGuerra"]
[Result "1-0"]
[WhiteElo "1704"]
[BlackElo "1230"]

1. e4 e5 2. Bc4 Nh6 3. Nf3 Bd6 4. Nc3 c6 5. d4 Ng4 6. Bg5 f6 7. Bh4 a6 8. dxe5
Bxe5 9. h3 Nh6 10. Nxe5 Qe7 11. Qh5+ g6 12. Qxh6 Qxe5 13. Qg7 Rf8 14. Qxh7 g5
15. Bg3 Qc5 16. Bd3 Qe7 17. Qh5+ Rf7 18. e5 fxe5 19. Bg6 Qf8 20. Bxe5 d6 21. Bf6
Be6 22. O-O-O d5 23. Rhe1 Kd7 24. Bxf7 Qxf7 25. Qxf7+ Bxf7 26. Re7+ Kc8 27. Rxf7
Nd7 28. Re1 Kc7 29. Na4 b5 30. Nc5 Kb6 31. Nxd7+ Kb7 32. Bd4 Rc8 33. Nb6+ Rc7
34. Rf8 c5 35. Nxd5 Rd7 36. Bxc5 Rxd5 37. Re7+ Kc6 38. Rc8# 1-0